<?xml version="1.0" encoding="UTF-8"?>
<collection xmlns="http://www.loc.gov/MARC21/slim">
<record>
  <controlfield tag="001">348444</controlfield>
  <controlfield tag="005">20250630143500.0</controlfield>
  <datafield tag="024" ind1="7" ind2=" ">
    <subfield code="a">10.17182/HEPDATA.133032</subfield>
    <subfield code="2">doi</subfield>
  </datafield>
  <datafield tag="037" ind1=" " ind2=" ">
    <subfield code="a">GSI-2024-00280</subfield>
  </datafield>
  <datafield tag="041" ind1=" " ind2=" ">
    <subfield code="a">English</subfield>
  </datafield>
  <datafield tag="100" ind1="1" ind2=" ">
    <subfield code="a">ALICE Collaboration</subfield>
    <subfield code="0">P:(DE-HGF)0</subfield>
    <subfield code="b">0</subfield>
    <subfield code="e">Corresponding author</subfield>
  </datafield>
  <datafield tag="245" ind1=" " ind2=" ">
    <subfield code="a">Underlying-event properties in pp and p$-$Pb collisions at $\sqrt{s_{\rm NN}} = 5.02$ TeV</subfield>
  </datafield>
  <datafield tag="260" ind1=" " ind2=" ">
    <subfield code="c">2022</subfield>
  </datafield>
  <datafield tag="336" ind1="7" ind2=" ">
    <subfield code="a">MISC</subfield>
    <subfield code="2">BibTeX</subfield>
  </datafield>
  <datafield tag="336" ind1="7" ind2=" ">
    <subfield code="a">Dataset</subfield>
    <subfield code="b">dataset</subfield>
    <subfield code="m">dataset</subfield>
    <subfield code="0">PUB:(DE-HGF)32</subfield>
    <subfield code="s">1705407875_3067158</subfield>
    <subfield code="2">PUB:(DE-HGF)</subfield>
  </datafield>
  <datafield tag="336" ind1="7" ind2=" ">
    <subfield code="a">Chart or Table</subfield>
    <subfield code="0">26</subfield>
    <subfield code="2">EndNote</subfield>
  </datafield>
  <datafield tag="336" ind1="7" ind2=" ">
    <subfield code="a">Dataset</subfield>
    <subfield code="2">DataCite</subfield>
  </datafield>
  <datafield tag="336" ind1="7" ind2=" ">
    <subfield code="a">DATA_SET</subfield>
    <subfield code="2">ORCID</subfield>
  </datafield>
  <datafield tag="336" ind1="7" ind2=" ">
    <subfield code="a">ResearchData</subfield>
    <subfield code="2">DINI</subfield>
  </datafield>
  <datafield tag="500" ind1=" " ind2=" ">
    <subfield code="a">Journal Article GSI record: GSI-2024-00279</subfield>
  </datafield>
  <datafield tag="520" ind1=" " ind2=" ">
    <subfield code="a">This article reports about the properties of the underlying event measured with ALICE at the LHC in pp and p-Pb collisions at $\sqrt{s_{\rm NN}}= 5.02$ TeV. The event activity, quantified by charged-particle number and summed-$p_{\rm T}$ densities, is measured as a function of the leading-particle transverse momentum ($p_{\rm T}^{\rm trig}$). These quantities are studied in three azimuthal-angle regions relative to the leading particle in the event: toward, away, and transverse. Results are presented for three different $p_{\rm T}$ thresholds (0.15, 0.5 and 1 GeV/$c$) at mid-pseudorapidity ($|\eta|&lt;0.8$). The event activity in the transverse region, which is the most sensitive to the underlying event, exhibits similar behaviour in both pp and p-Pbcollisions, namely, a steep increase with $p_{\rm T}^{\rm trig}$ for low $p_{\rm T}^{\rm trig}$, followed by a saturation at  $p_{\rm T}^{\rm trig} \approx 5 $GeV/$c$. The results from pp collisions are compared with existing measurements at other centre-of-mass energies. The quantities in the toward and away regions are also analyzed after the subtraction of the contribution measured in the transverse region. The remaining jet-like particle densities are consistent in pp and p-Pb collisions for  $p_{\rm T}^{\rm trig} > 10$ GeV/$c$, whereas for lower $p_{\rm T}^{\rm trig}$ values the event activity is slightly higher in p-Pb than in pp collisions. The measurements are compared with predictions from the Monte Carlo event generators.</subfield>
  </datafield>
  <datafield tag="536" ind1=" " ind2=" ">
    <subfield code="a">612 - Cosmic Matter in the Laboratory (POF4-612)</subfield>
    <subfield code="0">G:(DE-HGF)POF4-612</subfield>
    <subfield code="c">POF4-612</subfield>
    <subfield code="f">POF IV</subfield>
    <subfield code="x">0</subfield>
  </datafield>
  <datafield tag="536" ind1=" " ind2=" ">
    <subfield code="a">HGS-HIRe - HGS-HIRe for FAIR (HGS-HIRe)</subfield>
    <subfield code="0">G:(DE-Ds200)HGS-HIRe</subfield>
    <subfield code="c">HGS-HIRe</subfield>
    <subfield code="x">1</subfield>
  </datafield>
  <datafield tag="536" ind1=" " ind2=" ">
    <subfield code="a">SUC-GSI-Heidelberg - Strategic university cooperation GSI-U Heidelberg (SUC-GSI-HE)</subfield>
    <subfield code="0">G:(DE-Ds200)SUC-GSI-HE</subfield>
    <subfield code="c">SUC-GSI-HE</subfield>
    <subfield code="x">2</subfield>
  </datafield>
  <datafield tag="536" ind1=" " ind2=" ">
    <subfield code="a">SUC-GSI-Frankfurt - Strategic university cooperation GSI-U Frankfurt/M (SUC-GSI-FR)</subfield>
    <subfield code="0">G:(DE-Ds200)SUC-GSI-FR</subfield>
    <subfield code="c">SUC-GSI-FR</subfield>
    <subfield code="x">3</subfield>
  </datafield>
  <datafield tag="536" ind1=" " ind2=" ">
    <subfield code="a">SUC-GSI-Darmstadt - Strategic university cooperation GSI-TU Darmstadt (SUC-GSI-DA)</subfield>
    <subfield code="0">G:(DE-Ds200)SUC-GSI-DA</subfield>
    <subfield code="c">SUC-GSI-DA</subfield>
    <subfield code="x">4</subfield>
  </datafield>
  <datafield tag="588" ind1=" " ind2=" ">
    <subfield code="a">Dataset connected to DataCite</subfield>
  </datafield>
  <datafield tag="693" ind1=" " ind2=" ">
    <subfield code="a">LHC</subfield>
    <subfield code="e">LHC: ALICE</subfield>
    <subfield code="1">EXP:(DE-588)4398783-7</subfield>
    <subfield code="0">EXP:(DE-H253)LHC-Exp-ALICE-20150101</subfield>
    <subfield code="5">EXP:(DE-H253)LHC-Exp-ALICE-20150101</subfield>
    <subfield code="x">0</subfield>
  </datafield>
  <datafield tag="773" ind1=" " ind2=" ">
    <subfield code="a">10.17182/HEPDATA.133032</subfield>
  </datafield>
  <datafield tag="787" ind1="0" ind2=" ">
    <subfield code="a">Acharya, S. et.al.</subfield>
    <subfield code="d">[Trieste] : SISSA, 2023</subfield>
    <subfield code="i">RelatedTo</subfield>
    <subfield code="0">GSI-2024-00279</subfield>
    <subfield code="r">arXiv:2204.10389 ; CERN-EP-2022-041</subfield>
    <subfield code="t">Underlying-event properties in pp and p–Pb collisions at $ \sqrt{s_{\textrm{NN}}} $ = 5.02 TeV</subfield>
  </datafield>
  <datafield tag="909" ind1="C" ind2="O">
    <subfield code="o">oai:repository.gsi.de:348444</subfield>
    <subfield code="p">VDB</subfield>
  </datafield>
  <datafield tag="913" ind1="1" ind2=" ">
    <subfield code="a">DE-HGF</subfield>
    <subfield code="b">Forschungsbereich Materie</subfield>
    <subfield code="l">Matter and the Universe</subfield>
    <subfield code="1">G:(DE-HGF)POF4-610</subfield>
    <subfield code="0">G:(DE-HGF)POF4-612</subfield>
    <subfield code="3">G:(DE-HGF)POF4</subfield>
    <subfield code="2">G:(DE-HGF)POF4-600</subfield>
    <subfield code="4">G:(DE-HGF)POF</subfield>
    <subfield code="v">Cosmic Matter in the Laboratory</subfield>
    <subfield code="x">0</subfield>
  </datafield>
  <datafield tag="914" ind1="1" ind2=" ">
    <subfield code="y">2023</subfield>
  </datafield>
  <datafield tag="920" ind1=" " ind2=" ">
    <subfield code="l">yes</subfield>
  </datafield>
  <datafield tag="920" ind1="1" ind2=" ">
    <subfield code="0">I:(DE-Ds200)ALI-20080822OR105</subfield>
    <subfield code="k">ALI</subfield>
    <subfield code="l">ALICE</subfield>
    <subfield code="x">0</subfield>
  </datafield>
  <datafield tag="920" ind1="1" ind2=" ">
    <subfield code="0">I:(DE-Ds200)DTL-20051214OR031</subfield>
    <subfield code="k">DTL</subfield>
    <subfield code="l">Detektorlabor</subfield>
    <subfield code="x">1</subfield>
  </datafield>
  <datafield tag="920" ind1="1" ind2=" ">
    <subfield code="0">I:(DE-Ds200)CIT-20110310OR121</subfield>
    <subfield code="k">CIT</subfield>
    <subfield code="l">IT</subfield>
    <subfield code="x">2</subfield>
  </datafield>
  <datafield tag="920" ind1="1" ind2=" ">
    <subfield code="0">I:(DE-Ds200)EXM-20080818OR100</subfield>
    <subfield code="k">EXM</subfield>
    <subfield code="l">ExtreMe Matter Institute, EMMI</subfield>
    <subfield code="x">3</subfield>
  </datafield>
  <datafield tag="920" ind1="1" ind2=" ">
    <subfield code="0">I:(DE-Ds200)Coll-CERN-ALICE</subfield>
    <subfield code="k">ALICE@CERN</subfield>
    <subfield code="l">Collaboration CERN: ALICE</subfield>
    <subfield code="x">4</subfield>
  </datafield>
  <datafield tag="980" ind1=" " ind2=" ">
    <subfield code="a">dataset</subfield>
  </datafield>
  <datafield tag="980" ind1=" " ind2=" ">
    <subfield code="a">VDB</subfield>
  </datafield>
  <datafield tag="980" ind1=" " ind2=" ">
    <subfield code="a">I:(DE-Ds200)ALI-20080822OR105</subfield>
  </datafield>
  <datafield tag="980" ind1=" " ind2=" ">
    <subfield code="a">I:(DE-Ds200)DTL-20051214OR031</subfield>
  </datafield>
  <datafield tag="980" ind1=" " ind2=" ">
    <subfield code="a">I:(DE-Ds200)CIT-20110310OR121</subfield>
  </datafield>
  <datafield tag="980" ind1=" " ind2=" ">
    <subfield code="a">I:(DE-Ds200)EXM-20080818OR100</subfield>
  </datafield>
  <datafield tag="980" ind1=" " ind2=" ">
    <subfield code="a">I:(DE-Ds200)Coll-CERN-ALICE</subfield>
  </datafield>
  <datafield tag="980" ind1=" " ind2=" ">
    <subfield code="a">UNRESTRICTED</subfield>
  </datafield>
</record>
</collection>